| 000 | 00470nam a2200193Ia 4500 | ||
|---|---|---|---|
| 005 | 20240823052914.0 | ||
| 008 | 240823s9999||||xx |||||||||||||| ||und|| | ||
| 020 | _a978-81-920486-9-7 | ||
| 041 | _aENGLISH | ||
| 082 | _A621.4022 Q2 | ||
| 100 | _aSenthil S | ||
| 245 | 0 | _aHeat and Mass Transfer | |
| 250 | _a10th | ||
| 260 |
_c2012 _b"A R,Arapakkam,Tamil " |
||
| 500 | _aTRANSFERED | ||
| 650 |
_aHeat _bAeronautical Engineering |
||
| 942 | _cBK | ||
| 999 |
_c222962 _d222962 |
||